| 000 | 00640nmm a2200253 a 4500 | ||
|---|---|---|---|
| 003 | AR-BaBNM | ||
| 005 | 20251128211302.0 | ||
| 008 | 033120s2001 ||||||||||||||000 | spa|| | ||
| 020 | _a950-07-1940-1 | ||
| 040 | _cAR-BaBNM | ||
| 245 | 1 | 0 | _aAntología del cuento breve y oculto |
| 260 |
_aBuenos Aires _bSudamericana _c2001 |
||
| 300 | _a208 p. | ||
| 650 | 4 | _aCUENTOS | |
| 650 | 4 | _aESCRITORES | |
| 650 | 4 | _aANTOLOGIAS | |
| 650 | 4 | _aPOESIA | |
| 650 | 4 | _aLITERATURA UNIVERSAL | |
| 655 | _aLITERATURA | ||
| 700 | 1 |
_aBrasca, Raúl Armando _ecompilador |
|
| 700 | 1 |
_aChitarroni, Luis _ecompilador |
|
| 942 | _cBK | ||
| 998 | _cmartin | ||
| 999 |
_c19000 _d19000 |
||